|
|
|
|
| LEADER |
05102nam a22005895i 4500 |
| 001 |
978-3-642-37546-0 |
| 003 |
DE-He213 |
| 005 |
20160223141503.0 |
| 007 |
cr nn 008mamaa |
| 008 |
130918s2013 gw | s |||| 0|ger d |
| 020 |
|
|
|a 9783642375460
|9 978-3-642-37546-0
|
| 024 |
7 |
|
|a 10.1007/978-3-642-37546-0
|2 doi
|
| 040 |
|
|
|d GrThAP
|
| 050 |
|
4 |
|a QH301-705
|
| 072 |
|
7 |
|a PSA
|2 bicssc
|
| 072 |
|
7 |
|a SCI086000
|2 bisacsh
|
| 082 |
0 |
4 |
|a 570
|2 23
|
| 245 |
1 |
0 |
|a Sport
|h [electronic resource] :
|b Das Lehrbuch für das Sportstudium /
|c herausgegeben von Arne Güllich, Michael Krüger.
|
| 250 |
|
|
|a 1.
|
| 264 |
|
1 |
|a Berlin, Heidelberg :
|b Springer Berlin Heidelberg :
|b Imprint: Springer Spektrum,
|c 2013.
|
| 300 |
|
|
|a XX, 738 S. 423 Abb. in Farbe.
|b online resource.
|
| 336 |
|
|
|a text
|b txt
|2 rdacontent
|
| 337 |
|
|
|a computer
|b c
|2 rdamedia
|
| 338 |
|
|
|a online resource
|b cr
|2 rdacarrier
|
| 347 |
|
|
|a text file
|b PDF
|2 rda
|
| 490 |
1 |
|
|a Bachelor
|
| 505 |
0 |
|
|a A. Einführung -- Konzeption des Lehrbuchs -- Die Wissenschaft vom Sport -- Forschendes Lernen im und nach dem Studium – Theorien, Forschungsmethoden und wissenschaftliches Arbeiten -- Arbeitsmärkte für Absolventen sportwissenschaftlicher Studiengänge -- B. Fachwissenschaftliche Themen -- Anatomie und Physiologie von Körper und Bewegung -- Struktur sportlicher Bewegung – Sportbiomechanik -- Sportmedizin -- Sportmotorik -- Individuum und Handeln – Sportpsychologie -- Bewegung, Spiel und Sport und Kultur und Gesellschaft – Sozialwissenschaften des Sports -- Erziehung und Bildung – Sportpädagogik -- Sportmotorische Fähigkeiten und sportliche Leistungen – Trainingswissenschaft -- C. Themen, Sportarten und Bewegungsfelder in Sport und Sportwissenschaft.- Körper und Mensch in der sportlichen Bewegung – anthropologische und kulturwissenschaftliche Grundlagen -- Leistung und Wettkampf -- Sportspiele -- Gestalten und Gestaltung -- Talente im Sport -- Sport und Gesundheit -- Doping im Sport.
|
| 520 |
|
|
|a Dieses Lehrbuch bietet alle wesentlichen Themen und Inhalte für ein erfolgreiches Sportstudium. Sie erfahren die aktuellen Erkenntnisse zu den vielfältigen Facetten des modernen Sports: Vom Schulsport über den Freizeit-, Breiten-, Fitness- und Gesundheitssport bis hin zum Wettkampf- und Spitzensport. Trainingswissenschaftler, Mediziner, Sozialwissenschaftler und Pädagogen erklären die aktuelle Theorie und Praxis des Sports speziell für Ihr Sportstudium. Herausragende Merkmale sind: - Verständliche Erklärungen von Wissenschaftlern mit ausgiebiger Praxiserfahrung - Hervorhebung des Wichtigsten in prägnanten Merksätzen - Zahlreiche praktische Beispiele, Verbindung von Theorie und Praxis - Anschauliche Darstellung mit ca. 400 farbigen Bildern und Grafiken - Übungsfragen zur Lernkontrolle Das Lehrbuch Sport konzentriert sich auf die Inhalte der neuen Bachelorstudiengänge. Es bietet darüber hinaus zentrale Grundlagen für die verschiedenen Masterstudiengänge, Fort- und Weiterbildungen von Sportlehrern und Sportexperten in den vielfältigen Berufsfeldern wie auch für den Leistungskurs Sport. Inhaltsverzeichnis: A. Einführung. Konzeption des Lehrbuchs ● Die Wissenschaft vom Sport ● Forschendes Lernen im und nach dem Studium – Theorien, Forschungsmethoden und wissenschaftliches Arbeiten ● Arbeitsmärkte für Absolventen sportwissenschaftlicher Studiengänge. B. Fachwissenschaftliche Themen. ● Anatomie und Physiologie von Körper und Bewegung ● Struktur sportlicher Bewegung – Sportbiomechanik ● Sportmedizin ● Sportmotorik ● Individuum und Handeln – Sportpsychologie ● Bewegung, Spiel und Sport und Kultur und Gesellschaft – Sozialwissenschaften des Sports ● Erziehung und Bildung – Sportpädagogik ● Sportmotorische Fähigkeiten und sportliche Leistungen – Trainingswissenschaft. C. Themen, Sportarten und Bewegungsfelder in Sport und Sportwissenschaft. ● Körper und Mensch in der sportlichen Bewegung – anthropologische und kulturwissenschaftliche Grundlagen ● Leistung und Wettkampf ● Sportspiele ● Gestalten und Gestaltung ● Talente im Sport ● Sport und Gesundheit ● Doping im Sport.
|
| 650 |
|
0 |
|a Life sciences.
|
| 650 |
|
0 |
|a Sports medicine.
|
| 650 |
|
0 |
|a Education.
|
| 650 |
|
0 |
|a Teaching.
|
| 650 |
|
0 |
|a Childhood.
|
| 650 |
|
0 |
|a Adolescence.
|
| 650 |
|
0 |
|a Social groups.
|
| 650 |
|
0 |
|a Psychology.
|
| 650 |
1 |
4 |
|a Life Sciences.
|
| 650 |
2 |
4 |
|a Life Sciences, general.
|
| 650 |
2 |
4 |
|a Sports Medicine.
|
| 650 |
2 |
4 |
|a Teaching and Teacher Education.
|
| 650 |
2 |
4 |
|a Education, general.
|
| 650 |
2 |
4 |
|a Psychology, general.
|
| 650 |
2 |
4 |
|a Childhood, Adolescence and Society.
|
| 700 |
1 |
|
|a Güllich, Arne.
|e editor.
|
| 700 |
1 |
|
|a Krüger, Michael.
|e editor.
|
| 710 |
2 |
|
|a SpringerLink (Online service)
|
| 773 |
0 |
|
|t Springer eBooks
|
| 776 |
0 |
8 |
|i Printed edition:
|z 9783642375453
|
| 830 |
|
0 |
|a Bachelor
|
| 856 |
4 |
0 |
|u http://dx.doi.org/10.1007/978-3-642-37546-0
|z Full Text via HEAL-Link
|
| 912 |
|
|
|a ZDB-2-SBL
|
| 950 |
|
|
|a Biomedical and Life Sciences (Springer-11642)
|